[Event "Berlin Lichtenberger op 17th"]
[Site "Berlin"]
[Date "2018.08.19"]
[Round "2"]
[White "Birkholz, Axel"]
[Black "Murat, Abylay"]
[Result "1-0"]
[WhiteElo "1858"]
[BlackElo "1708"]
[PlyCount "89"]
[EventDate "2018.08.18"]
[EventType "swiss"]
[EventRounds "9"]
[EventCountry "GER"]
[SourceTitle "CBM 186 Extra"]
[Source "ChessBase"]
[SourceDate "2018.08.24"]
[SourceVersion "1"]
[SourceVersionDate "2018.08.24"]
[SourceQuality "1"]

1. e4 c5 2. Nf3 Nc6 3. d4 cxd4 4. Nxd4 Qb6 5. Nb3 Nf6 6. Nc3 Qb4 7. Bd3 d5 8. Bd2 Qd6 9. 0-0 Ng4 10. f4 dxe4 11. Nxe4 Qh6 12. h3 f5 13. hxg4 fxe4 14. Bxe4 Qh4 15. Bxc6+ bxc6 16. Qf3 Qf6 17. Rad1 Ba6 18. Bc3 Qe6 19. Nc5 Qc4 20. Qxc6+ Kf7 21. Qxa8 Qxc5+ 22. Bd4 Qxc2 23. Rfe1 Qc4 24. b3 Qb5 25. Re5 Qb7 26. Qxb7 Bxb7 27. Bxa7 g6 28. Rde1 Bc8 29. g5 e6 30. Rc1 Bd6 31. Re3 Bb7 32. Rec3 Ke7 33. Rc7+ Bxc7 34. Rxc7+ Kd6 35. Rxb7 h5 36. Rg7 Ra8 37. a4 Rf8 38. g3 h4 39. b4 Kd5 40. Kg2 Ke4 41. Rxg6 hxg3 42. Kxg3 Rxf4 43. Rxe6+ Kd5 44. Kxf4 Kxe6 45. b5 1-0

[Event "Berlin Lichtenberger op 14th"]
[Site "Berlin"]
[Date "2015.08.22"]
[Round "8"]
[White "Nam, Seung Zin"]
[Black "Birkholz, Axel"]
[Result "0-1"]
[WhiteElo "1608"]
[BlackElo "1895"]
[PlyCount "100"]
[EventDate "2015.08.15"]
[EventType "swiss"]
[EventRounds "9"]
[EventCountry "GER"]
[SourceTitle "EXT 2016"]
[Source "ChessBase"]
[SourceDate "2015.10.08"]
[SourceVersion "1"]
[SourceVersionDate "2015.10.08"]
[SourceQuality "1"]

1. e4 e5 2. Nf3 Nc6 3. d4 exd4 4. Nxd4 Nf6 5. Nxc6 bxc6 6. e5 Qe7 7. Qe2 Nd5 8. c4 Ba6 9. Nd2 g6 10. Nf3 Bg7 11. Bg5 Qb4+ 12. Qd2 Qxd2+ 13. Kxd2 Nb6 14. b3 0-0 15. Re1 d6 16. Bf6 Bxf6 17. exf6 Rfe8 18. Bd3 Nd7 19. Re7 Rxe7 20. fxe7 Re8 21. Re1 Nc5 22. Nd4 Nxd3 23. Kxd3 Bb7 24. g3 Kg7 25. b4 Kf6 26. a4 Rxe7 27. Rxe7 Kxe7 28. b5 Kd7 29. Kc3 cxb5 30. axb5 a6 31. Kb3 c5 32. bxa6 Bxa6 33. Nc2 Ke6 34. Ne3 Ke5 35. f3 Kd4 36. Nc2+ Kd3 37. Ne1+ Ke2 38. Ng2 Kxf3 39. Nf4 h5 40. Nh3 Kg2 41. Ng5 Kxh2 42. Nxf7 Kxg3 43. Nxd6 Kf4 44. Nb5 h4 45. Nc3 Kf3 46. Na4 h3 47. Nxc5 Bc8 48. Nd3 h2 49. Ne5+ Ke4 50. Ng4 Bxg4 0-1

[Event "Deizisau op 9th"]
[Site "Deizisau"]
[Date "2014.10.24"]
[Round "1"]
[White "Birkholz, Axel"]
[Black "Kvetny, Mark"]
[Result "0-1"]
[WhiteElo "1890"]
[BlackElo "2290"]
[PlyCount "84"]
[EventDate "2014.10.24"]
[EventType "swiss"]
[EventRounds "7"]
[EventCountry "GER"]
[SourceTitle "EXT 2015"]
[Source "ChessBase"]
[SourceDate "2014.11.20"]
[SourceVersion "1"]
[SourceVersionDate "2014.11.20"]
[SourceQuality "1"]

1. e4 c5 2. Nf3 d6 3. d4 cxd4 4. Nxd4 Nf6 5. Nc3 a6 6. Be3 e5 7. Nb3 Be6 8. f3 Nbd7 9. Qd2 b5 10. 0-0-0 Rc8 11. g4 Nb6 12. Qf2 Nfd7 13. g5 Be7 14. h4 0-0 15. Rg1 Rxc3 16. bxc3 Na4 17. h5 Nxc3 18. g6 hxg6 19. hxg6 Nxd1 20. Kxd1 fxg6 21. Rxg6 Rf6 22. Qg3 Rxg6 23. Qxg6 Nf8 24. Qg3 Qc8 25. f4 Bf6 26. f5 Bf7 27. Bg5 Nd7 28. Be2 Qc6 29. Qh4 Bxg5 30. Qxg5 Nf6 31. Bf3 Qc3 32. Bg2 Qc4 33. Kc1 a5 34. Nxa5 Qxa2 35. Nb7 Qa6 36. Nd8 Qa1+ 37. Kd2 Qa5+ 38. c3 Qxd8 39. Kc2 Qa5 40. Kd3 Bc4+ 41. Ke3 Qxc3+ 42. Kf2 b4 0-1

[Event "Berlin Lichtenberger op 12th"]
[Site "Berlin"]
[Date "2013.08.25"]
[Round "9"]
[White "Birkholz, Axel"]
[Black "Rohde, Wolfgang"]
[Result "1/2-1/2"]
[WhiteElo "1857"]
[BlackElo "2171"]
[PlyCount "87"]
[EventDate "2013.08.17"]
[EventType "swiss"]
[EventRounds "9"]
[EventCountry "GER"]
[SourceTitle "CBM 156 Extra"]
[Source "ChessBase"]
[SourceDate "2013.10.22"]
[SourceVersion "1"]
[SourceVersionDate "2013.10.22"]
[SourceQuality "1"]

1. e4 c5 2. Nf3 g6 3. d4 Bg7 4. Nc3 cxd4 5. Nxd4 Nc6 6. Be3 Nf6 7. Bc4 Qa5 8. 0-0 0-0 9. Nb3 Qc7 10. Bg5 a6 11. Bxf6 Bxf6 12. Nd5 Qe5 13. Nxf6+ Qxf6 14. c3 b5 15. Bd5 Rb8 16. Bxc6 Qxc6 17. Qe2 Bb7 18. Rfe1 Qb6 19. Rad1 d6 20. Qe3 Qxe3 21. Rxe3 Ba8 22. Rd4 f6 23. f3 Rfc8 24. a3 Kf7 25. Nd2 Rc5 26. Kf2 g5 27. g3 Rb6 28. Nf1 h5 29. h3 Bb7 30. Red3 Bc8 31. g4 Be6 32. Ne3 Rb8 33. Nf5 Rh8 34. Kg2 Rcc8 35. Ng3 hxg4 36. hxg4 Ke8 37. Rd1 Kd7 38. Rh1 Rxh1 39. Kxh1 Rc4 40. Kg2 Rxd4 41. cxd4 Kc7 42. b4 d5 43. Nf5 Kd7 44. Kf2 1/2-1/2

[Event "Berlin Lichtenberger op 12th"]
[Site "Berlin"]
[Date "2013.08.22"]
[Round "6"]
[White "Rauhut, Frank"]
[Black "Birkholz, Axel"]
[Result "1/2-1/2"]
[WhiteElo "1993"]
[BlackElo "1857"]
[PlyCount "59"]
[EventDate "2013.08.17"]
[EventType "swiss"]
[EventRounds "9"]
[EventCountry "GER"]
[SourceTitle "CBM 156 Extra"]
[Source "ChessBase"]
[SourceDate "2013.10.22"]
[SourceVersion "1"]
[SourceVersionDate "2013.10.22"]
[SourceQuality "1"]

1. d4 d5 2. c4 c6 3. cxd5 cxd5 4. Nc3 Nf6 5. Bf4 Nc6 6. e3 a6 7. Bd3 e6 8. Nf3 Bd6 9. Bg3 Qc7 10. Rc1 0-0 11. 0-0 Bd7 12. Bb1 Bxg3 13. hxg3 Qd6 14. Na4 Rac8 15. Nc5 Rc7 16. Qd3 Ne7 17. Nxd7 Qxd7 18. Ne5 Qd6 19. Ng4 Ng6 20. Nxf6+ gxf6 21. Rc3 Rfc8 22. Rfc1 b5 23. Rxc7 Rxc7 24. Rxc7 Qxc7 25. Qc2 Qxc2 26. Bxc2 a5 27. b4 axb4 28. Bd3 b3 29. axb3 b4 30. Kf1 1/2-1/2

[Event "Berlin Lichtenberger op 11th"]
[Site "Berlin"]
[Date "2012.08.22"]
[Round "5"]
[White "Birkholz, Axel"]
[Black "Poseck, Steffen"]
[Result "1/2-1/2"]
[WhiteElo "1882"]
[BlackElo "2076"]
[PlyCount "100"]
[EventDate "2012.08.18"]
[EventType "swiss"]
[EventRounds "9"]
[EventCountry "GER"]
[SourceTitle "CBM 150 Extra"]
[Source "ChessBase"]
[SourceDate "2012.10.19"]
[SourceVersion "1"]
[SourceVersionDate "2012.10.19"]
[SourceQuality "1"]

1. e4 d5 2. exd5 Qxd5 3. Nc3 Qa5 4. d4 Nf6 5. Nf3 Bf5 6. Bd2 c6 7. Bc4 e6 8. Nd5 Qd8 9. Nxf6+ gxf6 10. Bb3 Na6 11. Qe2 Be7 12. 0-0-0 Qd7 13. Nh4 Bg6 14. Bc3 0-0-0 15. f4 Nc7 16. g4 Rde8 17. f5 exf5 18. gxf5 Bxf5 19. Nxf5 Qxf5 20. Bxf7 Rd8 21. Qxe7 Rd7 22. Qa3 Nb5 23. Qb3 Nc7 24. Bc4 b5 25. Bd3 Qh3 26. Rhf1 Kb7 27. Kb1 Qxh2 28. Be4 Re8 29. Bd3 Nd5 30. Bd2 a6 31. a4 Qc7 32. axb5 axb5 33. c4 Ne3 34. cxb5 c5 35. b6 Qxb6 36. Qxb6+ Kxb6 37. Rxf6+ Ka7 38. Bxe3 Rxe3 39. dxc5 Rexd3 40. Rxd3 Rxd3 41. Rh6 Rd5 42. Rxh7+ Kb8 43. c6 Rc5 44. Rh6 Kc7 45. Ka2 Kb6 46. Kb3 Rb5+ 47. Kc3 Rc5+ 48. Kd4 Rb5 49. Kc4 Rxb2 50. Kd5 Rd2+ 1/2-1/2

[Event "Wuerttemberg-ch KT"]
[Site "Stuttgart"]
[Date "2010.09.04"]
[Round "8"]
[White "Birkholz, Axel"]
[Black "Kuechle, Wolfgang"]
[Result "0-1"]
[WhiteElo "1927"]
[BlackElo "2066"]
[PlyCount "38"]
[EventDate "2010.08.28"]
[EventType "swiss"]
[EventRounds "9"]
[EventCountry "GER"]
[SourceTitle "EXT 2017"]
[Source "ChessBase"]
[SourceDate "2016.10.25"]
[SourceVersion "1"]
[SourceVersionDate "2016.10.25"]
[SourceQuality "1"]

1. e4 e6 2. d4 d5 3. Nc3 Nf6 4. e5 Nfd7 5. f4 c5 6. Nf3 Nc6 7. Be3 Be7 8. Qd2 0-0 9. Be2 a6 10. 0-0 b5 11. dxc5 Bxc5 12. Bxc5 Nxc5 13. Nd4 Ne4 14. Qe3 Qb6 15. Rfd1 Bb7 16. Bf3 Nxd4 17. Rxd4 Nxc3 18. Qxc3 Rac8 19. Qd3 Rxc2 0-1

[Event "Wuerttemberg-ch KT"]
[Site "Stuttgart"]
[Date "2010.09.02"]
[Round "6"]
[White "Birkholz, Axel"]
[Black "Hornecker, Siegfried"]
[Result "1/2-1/2"]
[WhiteElo "1927"]
[BlackElo "1954"]
[PlyCount "92"]
[EventDate "2010.08.28"]
[EventType "swiss"]
[EventRounds "9"]
[EventCountry "GER"]
[SourceTitle "EXT 2017"]
[Source "ChessBase"]
[SourceDate "2016.10.25"]
[SourceVersion "1"]
[SourceVersionDate "2016.10.25"]
[SourceQuality "1"]

1. e4 e5 2. Nf3 Nc6 3. Bb5 a6 4. Ba4 Nf6 5. 0-0 Be7 6. Re1 b5 7. Bb3 0-0 8. h3 d6 9. c3 Na5 10. Bc2 c5 11. d4 exd4 12. cxd4 Ra7 13. Nbd2 Re8 14. b3 Rc7 15. Bb2 c4 16. bxc4 Nxc4 17. Nxc4 Rxc4 18. Bb3 Rc7 19. Qe2 d5 20. e5 Ne4 21. Rec1 Bb7 22. Rxc7 Qxc7 23. Rc1 Qb6 24. Bc2 Rc8 25. Bd3 Rxc1+ 26. Bxc1 Qc6 27. Be3 a5 28. Ne1 b4 29. f3 Nc3 30. Qc2 h6 31. Bd2 Qb6 32. Be3 Ba6 33. Kf2 Bb5 34. Bh7+ Kh8 35. Bd3 a4 36. Bf5 Bc4 37. a3 Ne2 38. Qxa4 Bh4+ 39. g3 Bxg3+ 40. Kg2 Qd8 41. Qxb4 g6 42. Bc2 Kg7 43. Nd3 Qh4 44. Qd6 g5 45. Qf6+ Kg8 46. Qd8+ Kg7 1/2-1/2